header

The game developer's dictionary (Record no. 143330)

MARC details
000 -LEADER
fixed length control field 01165nam a2200301 a 4500
100 1# - MAIN ENTRY--AUTHOR NAME
Personal name Carreker, Dan.
245 14 - TITLE STATEMENT
Title The game developer's dictionary
260 ## - PUBLICATION, DISTRIBUTION, ETC. (IMPRINT)
Place of publication Boston, Mass. :
Name of publisher Course Technology PTR,
Year of publication 2012.
300 ## - PHYSICAL DESCRIPTION
Number of Pages xvii, 376 p.
500 ## - GENERAL NOTE
General note Includes index.
650 #0 - SUBJECT ADDED ENTRY--TOPICAL TERM
Topical Term Computer games
856 40 - ELECTRONIC LOCATION AND ACCESS
Uniform Resource Identifier http://site.ebrary.com/lib/rucke/Doc?id=10524461

No items available.

© 2026 Rongo University
Contact us: librarian | system librarian | Rongo university